Statystyki dla Quiz o Wrocławiu

Kliknij tutaj aby rozwiązać quiz!

Ogólne statystyki

  • Ten quiz został rozwiązany 474 razy
    (162 od ostatniego zresetowania)
  • Średni wynik to 12 z 15

Statystyki odpowiedzi

WskazówkaOdpowiedź% Poprawnych
Najwyższy budynekSky Tower
94%
Przedstawiają je figurki znajdujące się na przestrzeni całego miastaKrasnale
93%
Najdłuższa rzeka przepływająca przez miastoOdra
93%
Wrocław znajduje się w tym województwieDolnośląskie
90%
Klub piłkarski z siedzibą
we Wrocławiu, dwukrotny mistrz Polski
(1977, 2012)
Śląsk Wrocław
90%
Wiek, w którym założone zostało miastoX
90%
Rejestracja samochodowa WrocławiaDW
87%
Hala, która 2006 roku została uznana za obiekt światowego dziedzictwa UNESCOHala stulecia
85%
Niemiecka nazwa miastaBreslau
84%
W tym roku Wrocław został wybrany na Europejską Stolicę Kultury2016
82%
Obecny prezydent miastaJacek Sutryk
82%
Polski serial komediowy przedstawiający perypetie życiowe mieszkańców starej wrocławskiej kamienicyŚwiat według Kiepskich
70%
Dzieło przedstawiające jeden
z epizodów insurekcji kościuszkowskiej
Panorama Racławicka
69%
Twórca, którego pomnik znajduje się na Rynku GłównymAleksander Fredro
38%
Największa wyspaWielka Wyspa
23%

Rozkład punktacji

Percentyl według liczby udzielonych odpowiedzi

Procent ludzi z każdym wynikiem

Twoja historia wyników

Nie rozwiązałeś tego quizu od ostatniego zresetowania